000 00447nam a2200133Ia 4500
008 220216s9999 xx 000 0 und d
100 _aMeti S
245 0 _aDistribution of natural rubber cultivation in relation to soil and landscape attributes in India
260 _b29th Asian Conference in Remote Sensing, 10-14 November 2008, Colombo, Sri Lanka.
_c2008
700 _aJacob J
700 _aNair N.U.
700 _aRao D.V.K.N.
942 _cBS
999 _c52277
_d52277